| 000 | 00375nam a22001457a 4500 | ||
|---|---|---|---|
| 020 | _a81-7371-179-8 | ||
| 082 |
_a610 _bYOU/M |
||
| 100 | _aYOUNT, LISA | ||
| 245 |
_aMEDICAL TECHNOLOGY _bMILESTONES IN DISCOVERY AND INVENTIONS |
||
| 250 | _aFIRST EDITION | ||
| 260 |
_aHYDERABAD _bUNIVERSITIES PRESS _c1999 |
||
| 300 | _a146 | ||
| 650 |
_aSCIENCE REFERENCE _zINDIA |
||
| 942 | _cBK | ||
| 999 |
_c1444 _d1444 |
||